01946nam a22003257a 4500952011300000952010100113952011300214952010100327952011400428999001700542008004100559020001800600050002100618100003300639245005600672260004100728300007200769490001900841500002300860504003300883505012400916519010601040519013301146519013001279650005501409650005801464650004501522650004601567942000701613 00102lcc4070a04b04d2013-10-04l2oF1235 C36 2007p05 001540r2023-02-24s2018-01-12t1w2013-10-04yLB 00102lcc4070a04b04d2013-10-04l0oF1235 C36 2007p05 001541r2023-02-24t2w2013-10-04yLB 00102lcc4070a04b04d2013-10-04l2oF1235 C36 2007p05 001542r2023-02-24s2014-11-04t3w2013-10-04yLB 00102lcc4070a04b04d2015-04-15l0oF1235 C36 2007p05 001993r2023-02-10t4w2015-04-15yLB 00102lcc4070a04b04d2015-04-15l11oF1235 C36 2007p05 001994r2023-06-21s2023-06-06t5w2015-04-15yLB c90949d90949131004s2007 mx 001 0 spa d a9789684116955 4aF1235 bC36 20071 aCastellanos, Laurae, autor 10aMéxico armadob : 1943-1981c / Laura Castellanos aMéxicob : Ediciones era c , 2007 a383 páginas b: ilustraciones : fotografías : mapas c ; 21 cm.0 aBiblioteca era aReimpresión 2011 aBibliografía (pp. 361-365)0 aJaramillo, el heredero Arde Guerrero Guerrila urbana Lo que no salió en los periódicos Guerra sucia Guerra a muerte aPlan UNAM / bPreparatoria Quinto Año / cHistoria de México I (1304) / d(05 001540 ; 05 001541) aPlan UNAM / bColegio de Ciencias y Humanidades 3er. Semestre / cHistoria de México I y II (1304) / d(05 001993 ; 05 001994) aPlan UNAM / bColegio de Ciencias y Humanidades 4to. Semestre / cHistoria de México II (1404) / d(05 001541 ; 05 001542) 4aVIOLENCIA POLÍTICAzMÉXICOxHISTORIAySIGLO XX 4aRESISTENCIA AL GOBIERNOzMÉXICOxHISTORIAySIGLO XX 4aGUERRILLASzMÉXICOxHISTORIAySIGLO XX 4aPOLÍTICA Y GOBIERNOzMÉXICOySIGLO XX cLB